1984 1435 1221 1432 1240 1899 1644 1348 1505 1404 1583 1086 1849 1006 1931 1639 1100 1411 1427 1051 1243 1116 1191 1705 1462 1953 1149 1574 1646 1735 1729 1490 1447 1150 1745 1541 1152 1875 1122 1039 1688 1630 1031 1835 1783 1254 1943 1340 1646 1263 1693 1378 1462 1188 1831 1169 1221 1355 1002 1931 1761 1296 1929 1092 1127 1965 1161 1665 1595 1207 1081 1945 1175 1555 1491 1963 1670 1955 1896 1174 1403 1844 1482 1187 1362 1503 1772 1747 1748 1124 1788 1489 1345 1057 1490 1265 1370 1458 1618 BCNSPRNW ULIB Ver.6.0+V

เปลี่ยนเป็นภาษาไทย

Change to English
 แสดงรายละเอียดบรรณานุกรม
  กลับหน้าหลัก

Brief Record : Get Marc (ISO 2709) : E-mail record : QR code < ปิดหน้าต่าง
LEADER : 00000nam 2200000uu 4500
001    13399112907
003     ULIB
008    110916s2552||||th 000 0 tha d
020    9786167081144
090    นว.^bส111ก 2552
100 0  สุธีรา
245 00 กุหลาบระเริงไฟ/^cสุธีรา
250    พิมพ์ครั้งที่ 1
260    กรุงเทพฯ :^bSMART BOOK,^c2552
300    391 หน้า
945    ^p250^l0^i16496
995    กัณชพร
999     ^aใช้งานได้ทุกระบบ
รายการนี้ยังไม่มีแท็ก
คุณยังไม่ได้ล็อกอิน คุณสามารถมีกิจกรรมร่วมกับเว็บไซต์ได้ แต่ต้องล็อกอินก่อน ::
  ล็อกอิน

รายการสื่อสารสนเทศ

ลำดับที่ ประเภท เลขเรียก/บาร์โค้ด สถานที่ สถานะ
1. นวนิยาย
นวนิยาย
นว. ส111ก 2552  
  Barcode: 16496
ห้องสมุดวิทยาเขตสวรรค์ประชารักษ์
►นวนิยาย
บนชั้น
  ขอยืม

รายการใกล้เคียง
    ผู้แต่ง [สุธีรา]

BibComment


ยังไม่เคยถูกคอมเมนท์

คอมเมนท์ทรัพยากรรายการนี้
  คอมเมนท์: กุหลาบระเริงไฟ สุ..


 Copyright 2026. Bcnsprnw @Library